Ο θάνατος του Καραϊσκάκη
Αποθηκεύτηκε σε:
| Κύριος συγγραφέας: | |
|---|---|
| Μορφή: | Βιβλίο |
| Γλώσσα: | Greek |
| Δημοσίευση: |
Αθήναι :
Γεώργιος Δ. Παπαδημητρίου,
[19--].
|
| Σειρά: | Σχολική θεατρική βιβλιοθήκη (Παπαδημητρίου)
v. 11 |
| Θέματα: | |
| Διαθέσιμο Online: | http://hdl.handle.net/11610/16832 |
| Ετικέτες: |
Προσθήκη ετικέτας
Δεν υπάρχουν, Καταχωρήστε ετικέτα πρώτοι!
|
MARC
| LEADER | 00000cam a2200000 i 4500 | ||
|---|---|---|---|
| 001 | 1/99351 | ||
| 008 | 081212q19401960gr | ||| ||| ||gre|| | ||
| 035 | |l 10102428 | ||
| 040 | |a GR-MY-UA |b gre |e aacr | ||
| 041 | 0 | |a gre | |
| 082 | 7 | |a 372.66 |2 (22) | |
| 100 | 1 | |a Ρούτσος, Νίκος Β. |d 1904-1981. | |
| 245 | 1 | 2 | |a Ο θάνατος του Καραϊσκάκη / |c Νίκου Β. Ρούτσου. |
| 260 | |a Αθήναι : |b Γεώργιος Δ. Παπαδημητρίου, |c [19--]. | ||
| 300 | |a 8 σ. ; |c 21 εκ. | ||
| 490 | 1 | |a (Σχολική θεατρική βιβλιοθήκη ; |v vol. 11). | |
| 501 | |a Με: 28 Οκτωβρίου 1940 ; Ο χορός του Ζαλόγγου ; Σκλαβωμένα Χριστούγεννα ; Η πρωτοχρονιά της Μαρούλας ; Αγία Λαύρα / Γιάννη Β. Ιωαννίδη. Αθήναι: Γεώργιος Δ. Παπαδημητρίου, [19--]. Δεμένα μαζί μετά τη δημοσίευση. | ||
| 500 | |a Υπάρχει ψηφιακό αντίγραφο. | ||
| 500 | |a Υπό του τίτλου: "Μονόπρακτο θεατρικό σκετς" | ||
| 650 | 0 | 0 | |a Children's plays, Greek (Modern) |
| 650 | 0 | 0 | |a Drama in education |z Greece. |
| 740 | 0 | |a 28 Οκτωβρίου 1940 | |
| 740 | 2 | |a Ο χορός του Ζαλόγγου | |
| 740 | 0 | |a Σκλαβωμένα Χριστούγεννα | |
| 740 | 2 | |a Η πρωτοχρονιά της Μαρούλας | |
| 740 | 0 | |a Αγία Λαύρα | |
| 740 | 3 | |a Οι εξετάσεις του Κωστάκη | |
| 740 | 2 | |a Η καταστροφή του Αρκαδίου | |
| 740 | 0 | |a Παύλος Μελάς | |
| 740 | 2 | |a Η τιμωρία της Αννούλας | |
| 740 | 2 | |a Ο άτακτος Αλεκάκης | |
| 830 | 0 | |a Σχολική θεατρική βιβλιοθήκη (Παπαδημητρίου) |v v. 11 | |
| 852 | |a INST |b RHODES |c AKA |e 20081212 |h 372.66 ΙΩΑ |p 005400031644 |q 005400031644 |t BK |y 23 | ||
| 856 | |u http://hdl.handle.net/11610/16832 | ||
| 901 | |a BIBL4-2008-3 | ||
| 909 | |a Ρ |b 152944 | ||
| 970 | |a ΧΑΡΙΟΠΟΛΙΤΟΥ |b ΚΩΝΣΤΑΝΤΙΝΑ |z 2008-12-12 | ||